"DIA" Vocabulary Quiz - Statistics

General Stats
  • This quiz has been taken 53 times
  • The average score is 15 of 25
Answer Stats
Hint Answer % Correct
A special variety of a language Dialect
98%
A book for keeping a personal daily record Diary
95%
American term used to describe absorbent pants used on infants Diaper
90%
An illustrative or explanatory drawing Diagram
88%
Conversation between two or more people Dialogue
85%
In kidney disease, the process of filtering blood by machine Dialysis
85%
Extremely hard, pure form of carbon Diamond
80%
A condition relating to insulin deficiency Diabetes
78%
A conclusion reached after a medical examination Diagnosis
78%
A membrane or plate separating two cavities, present in human torso Diaphragm
75%
The qualities of a devil Diabolic
73%
A straight line passing through the centre and two sides of an object Diameter
73%
Intestinal disorder with loose and frequent evacuations Diarrhoea
73%
A crown or headband worn by royalty Diadem
68%
To have used initiated a call, or tuned by turning a knob Dialled
65%
Sharply abusive verbal attack Diatribe
60%
A straight line in an oblique direction, not parallel Diagonal
53%
A people dispersed outside their homeland, usually relating to the Jewish Diaspora
50%
Almost completely sheer and light, usually referring to clothing Diaphanous
35%
At opposite extremes Diametric
28%
Microscopic, single celled alga , phylum Chrysophyta Diatom
13%
Glittery decoration on a garment, sequins etc. Diamante
10%
Various plants related to the carnation Dianthus
10%
A mechanical device for reproducing drawings Diagraph
0%
A two toned foghorn Diaphone
0%
No matching quizzes found
Score Distribution
Percent of People with Each Score
Percentile by Number Answered
Your Score History
You have not taken this quiz